Presidential Country Starters Quiz Stats

Quiz Updated Jan 20, 2017

Challenge
Share
Tweet
Embed
Score 0/20 Timer 04:00
1 Play Today
First two letters President and Country % Correct
BuBuchanan and Bulgaria
75.1%
NiNixon and Nicaragua
74.3%
PoPolk and Portugal
74.2%
KeKennedy and Kenya
73.6%
JaJackson and Jamaica
73%
LiLincoln and Liberia
68.1%
ArArthur and Argentina
67.6%
CaCarter and Cambodia
67.2%
GrGrant and Greece
63%
MoMonroe and Moldova
62.4%
First two letters President and Country % Correct
TaTaft and Tanzania
61.2%
FiFillmore and Fiji
59.9%
CoCoolidge and Colombia
58.9%
RoRoosevelt and Romania
57.7%
GaGarfield and Gabon
55.2%
JoJohnson and Jordan
53.5%
HaHarrison and Haiti
53.3%
VaVan Buren and Vanuatu
47.3%
HoHoover and Honduras
44.1%
TrTruman, Trump and Trinidad and Tobago
41.8%

You're not logged in!

Compare scores with friends on all Sporcle quizzes.
Sign Up with Email
OR
Log In

You Might Also Like...

Show Comments

Extras

Top Quizzes Today


Score Distribution

Your Account Isn't Verified!

In order to create a playlist on Sporcle, you need to verify the email address you used during registration. Go to your Sporcle Settings to finish the process.